LEADER 00783nam0-22002891i-450- 001 990001140170403321 035 $a000114017 035 $aFED01000114017 035 $a(Aleph)000114017FED01 035 $a000114017 100 $a20000920d1942----km-y0itay50------ba 101 0 $aeng 200 1 $aFunzioni abeliane e matrici di Riemann$fF. Conforto. 210 $aRoma$cEdizione Universitarie$d1942. 300 $aParte 1 610 0 $aFunzioni abeliane 610 0 $aMatrici di riemann 676 $a515.982 700 1$aConforto,$bFabio$028718 801 0$aIT$bUNINA$gRICA$2UNIMARC 901 $aBK 912 $a990001140170403321 952 $a3-D-19$b13$fMA1 959 $aMA1 996 $aFunzioni abeliane e matrici di Riemann$9344158 997 $aUNINA DB $aING01 LEADER 02352oam 2200565 c 450 001 9910563065303321 005 20240922213735.0 024 7 $a10.3726/b12338 035 $a(CKB)4340000000238839 035 $a(oapen)https://directory.doabooks.org/handle/20.500.12854/28379 035 $a(PH02)9783954791200 035 $a(MiAaPQ)EBC31203425 035 $a(oapen)doab28379 035 $a(EXLCZ)994340000000238839 100 $a20240525d1992 uy 0 101 0 $ager 135 $aurnnunnnannuu 181 $ctxt$2rdacontent 182 $cc$2rdamedia 183 $acr$2rdacarrier 200 10$aAntonymische Beziehungen zwischen Phraseologismen in der russischen Gegenwartssprache$fAnke Levin-Steinmann 205 $a1st, New ed. 210 $aFrankfurt a.M$cPH02$d1992 215 $a1 online resource (244 p.)$c, EPDF 225 0 $aSlavistische Beitra?ge$v296 300 $aPeter Lang GmbH, Internationaler Verlag der Wissenschaften 311 08$a3-95479-120-X 330 $aDie vorliegende Arbeit stellt einen Beitrag zur Untersuchung der semantischen Kategorien innerhalb des phraseologischen Systems der russischen Gegenwartssprache dar. Die Arbeit gliedert sich in 3 Kapitel, von denen das erste den theoretischen Grundlagen, im einzelnen der Definition der Bedeutung und des Phraseologismus sowie der Bestimmung und Begru?ndung der speziellen antonymischen Gruppen, gewidmet ist. In den Untersuchungskapiteln 2 und 3 werden die gewonnenen Ergebnisse kommentiert; chronologisch nach bestimmten semantischen, strukturellen und grammatisch-morphologischen Prinzipien der zu beschreibenden phraseologischen Antonyme. 606 $alinguistics$2bicssc 610 $aAntonymische 610 $aantonymische Beziehungen 610 $aBeziehungen 610 $aGegenwartssprache 610 $aLevin 610 $aLinguisik 610 $aPhraseologismen 610 $aPhraseologismus 610 $arussisc 610 $arussische Sprache 610 $arussischen 610 $aSteinmann 610 $azwischen 615 7$alinguistics 700 $aLevin-Steinmann$b Anke$4aut$01282471 801 0$bPH02 801 1$bPH02 906 $aBOOK 912 $a9910563065303321 996 $aAntonymische Beziehungen zwischen Phraseologismen in der russischen Gegenwartssprache$93020834 997 $aUNINA